000 01008nam a2200277 a 4500
001 BRL_533
005 20190320210804.0
008 020913s1994----mx-a######---#000-0#spa-#
020 _a9682964865
041 _aspa
044 _amx
050 4 _aF1219
_b.A48 1994
100 1 _aAlvarado Solis, Neyra
_924219
245 1 0 _aGente Antigua
_cinvestigación, Neyra Alvarado Solis ; fotografía, Lorenzo Armendáriz García ; edición, Jorge Lépez Vela
260 _aMéxico
_bInstituto Nacional Indigenista, Archivo Etnograìfico Audiovisual
_c1994
300 _a87 p.
_bil.
_c27 p.
440 0 _aColección reíces
_924220
500 _aAu560
650 1 4 _aIndígenas de México
_xCondiciones sociales
_923211
650 1 4 _aIndígenas de México
_xVida social y costumbres
_910614
700 1 _aArmendáriz García, Lorenzo
_924221
700 1 _aLépez Vela, Jorge
_924222
710 2 _aInstituto Nacional Indigenista (México)
_bArchivo Etnográfico Audiovisual
_924223
902 _aGRL
942 _2lcc
_cB
999 _c9345
_d9345